| 000 | 00754nam a22002777a 4500 | ||
|---|---|---|---|
| 003 | CHAP | ||
| 005 | 20220329133413.0 | ||
| 008 | 971013s1989 r 00010 d | ||
| 010 | _a5982 | ||
| 011 | _a6954 | ||
| 035 | _a6177 | ||
| 040 | _cCHAP | ||
| 082 |
_a664.92 _bJ8 1989 |
||
| 100 | 0 | 0 |
_aJudge, Max D. _962267 |
| 245 | _aPrinciples of meat science | ||
| 250 | _a2ed. | ||
| 260 |
_aDubuque, Iowa : _bKendall/Hunt, _c1989 |
||
| 300 |
_a351 p. _b: ilus. |
||
| 500 | _a60-124 | ||
| 590 |
_aBATCH-UPD _b10 _c20130110 _lUCH01 _h1054 |
||
| 590 |
_aCONVERSION _b10 _c20130109 _lUCH01 _h1304 |
||
| 650 | 1 | 4 |
_aCarne. _919053 |
| 901 | _aBK | ||
| 942 | _cLIBRO | ||
| 949 |
_a664.92 J8 1989 _bBC _cLIBRO _d33724000925012 _eLIBRO _gI.166665 _h83243 _i6177 _si _t113.00 |
||
| 999 |
_c5982 _d5982 |
||